Les Personnages présents à God Valley dans One Piece - Statistiques

Statistiques générales
  • Ce quiz a été pris 203 fois
  • Le résultat moyen est 6 sur 16
Answers on the Grid
Answers color-coded by a green-red scale on the quiz's grid according to % correct below.
Bartholomew Kuma
Gol D Roger
Nico Robin
Ochoku
Marco
Shanks
Baggy
Barbe Noire
Saturn
Kizaru
Monkey D Garp
Harald
Tokikake
Garling
Rocks D Xebec
Dorry
Sengoku
Loki
Kong
Silvers Rayleigh
Scopper Gaban
Bogart
Boa Hancock
Kaido
Eris
Mihawk
Barbe Blanche
Shiki
Don Marlon
Oden
 
Statistiques - réponses
Réponse % Correct
Gol D Roger
91%
Bartholomew Kuma
83%
Shanks
53%
Monkey D Garp
47%
Rocks D Xebec
44%
Barbe Noire
37%
Silvers Rayleigh
37%
Garling
35%
Barbe Blanche
34%
Shiki
34%
Kaido
33%
Saturn
33%
Scopper Gaban
33%
Eris
15%
Bogart
11%
Tokikake
5%
Aucun quiz correspondant
Distribution des résultats
% des personnes avec chaque résultat
Percentile par nombre de réponses
Votre historique - résultats
Vous n’avez pas pris ce quiz